Plan de ordenamiento urbano para la ciudad de Diriamba 2003-2023
Presenta un Plan de ordenamiento urbano para la ciudad de Diriamba 2003-2023, que contribuya a la disminución de los conflictos de incompatibilidad de uso de suelo, imagen urbana, viales y ambientales que presenta la ciudad debido a su rápido crecimiento con una proyección a largo plazo. Describe...
| Main Authors: | , , |
|---|---|
| Other Authors: | |
| Format: | Tesis Section = Libro |
| Language: | Undetermined Spanish |
| Published: |
Managua
UNI
2004
|
| Subjects: |
| LEADER | 01700nam a2200289Ia 4500 | ||
|---|---|---|---|
| 008 | 240830s9999 xx 000 0 und d | ||
| 040 | |a BIBLIOTECA-RUSB/ Mon 711 A677 | ||
| 041 | |a spa | ||
| 082 | |a Mon 711 A677 | ||
| 100 | 1 | |a Ardón Mengíbar, Ena Lissette | |
| 100 | 1 | |b Escobar Romero, Arlen Yahoska | |
| 100 | 1 | |c Morales, Gerald Antonio | |
| 245 | 1 | 0 | |a Plan de ordenamiento urbano para la ciudad de Diriamba 2003-2023 |
| 260 | |a Managua |b UNI |c 2004 | ||
| 300 | |a 199 p. :il. | ||
| 500 | |a Contiene: anexos, glosario y CD. | ||
| 502 | |a Tesis (Arquitecto) - UNI, 2004. | ||
| 520 | 3 | |a Presenta un Plan de ordenamiento urbano para la ciudad de Diriamba 2003-2023, que contribuya a la disminución de los conflictos de incompatibilidad de uso de suelo, imagen urbana, viales y ambientales que presenta la ciudad debido a su rápido crecimiento con una proyección a largo plazo. Describe un diagnóstico urbano de la ciudad de Diriamba para identificar los principales problemas y conflictos existentes en ella. Propone una zonificación del uso de suelo adecuada, de acuerdo a los resultados del análisis de la situación actual de la ciudad, para dar alternativas de solución a los problemas que generan mayores conflictos de uso. Establecer normas urbanas básicas de Dimensionamiento de acuerdo a las características físico-espaciales de la ciudad. | |
| 650 | 7 | |a URBANISMO - ORDENAMIENTO - DIRIAMBA | |
| 650 | 7 | |b diagnóstico URBANO - DIRIAMBA | |
| 650 | 7 | |c IMAGEN URBANA | |
| 650 | 7 | |d PLAN DE ORDENAMIENTO URBANO | |
| 650 | 7 | |e TIPOLOGIA DE VIVIENDA - DIRIAMBA | |
| 700 | 1 | |a Tutor: |b Parés Barberena, María Isabel | |
| 942 | |c BK |2 ddc | ||
| 991 | |a TESIS | ||
| 999 | |c 20822 | ||